Silver miracles / (Запис № 549007)

МАРК-запис
000 -LEADER
fixed length control field 01118cam a2200253Ia 4500
001 - CONTROL NUMBER
control field silvermiracles00pres
003 - CONTROL NUMBER IDENTIFIER
control field CaSfIA
005 - DATE AND TIME OF LATEST TRANSACTION
control field 20210119082329.0
007 - PHYSICAL DESCRIPTION FIXED FIELD--GENERAL INFORMATION
fixed length control field cr||||
008 - FIXED-LENGTH DATA ELEMENTS--GENERAL INFORMATION
fixed length control field 840228s1983 nyu 000 1 eng d
040 ## - CATALOGING SOURCE
Original cataloging agency RCL
Transcribing agency RCL
Modifying agency OCLCQ
-- BAKER
-- CaSfIA
020 ## - INTERNATIONAL STANDARD BOOK NUMBER
International Standard Book Number 0553216015 (pbk) :
Terms of availability $1.95
020 ## - INTERNATIONAL STANDARD BOOK NUMBER
International Standard Book Number 9780553216011 (pbk)
035 ## - SYSTEM CONTROL NUMBER
System control number (OCoLC)10467651
100 1# - MAIN ENTRY--PERSONAL NAME
Personal name Preston, Fayrene.
245 10 - TITLE STATEMENT
Title Silver miracles /
Medium [electronic resource]
Statement of responsibility, etc Fayrene Preston.
260 ## - PUBLICATION, DISTRIBUTION, ETC. (IMPRINT)
Place of publication, distribution, etc New York :
Name of publisher, distributor, etc Bantam,
Date of publication, distribution, etc 1983.
300 ## - PHYSICAL DESCRIPTION
Extent 182 p. ;
Dimensions 18 cm.
506 ## - RESTRICTIONS ON ACCESS NOTE
Standardized terminology for access restriction Необхідна авторизація на https://archive.org/ (створення облікового запису безкоштовно)
506 ## - RESTRICTIONS ON ACCESS NOTE
Standardized terminology for access restriction Необхідна авторизація на https://openlibrary.org/ (створення облікового запису безкоштовно)
856 41 - ELECTRONIC LOCATION AND ACCESS
Uniform Resource Identifier <a href="http://www.archive.org/details/silvermiracles00pres">http://www.archive.org/details/silvermiracles00pres</a>
Public note Free eBook from the Internet Archive
856 42 - ELECTRONIC LOCATION AND ACCESS
Uniform Resource Identifier <a href="http://www.openlibrary.org/books/OL7820561M">http://www.openlibrary.org/books/OL7820561M</a>
Public note Additional information and access via Open Library
942 ## - ADDED ENTRY ELEMENTS (KOHA)
Koha item type ЕКнига

Немає доступних примірників.